[Event "World Senior chT-50 2019"]
[Site "Rhodes"]
[Date "2019.04.17"]
[Round "2.32"]
[White "Jeske, Kirsten"]
[Black "Lanz, Udo"]
[Result "1-0"]
[WhiteElo "1951"]
[BlackElo "1807"]
[Annotator "NA RC"]
[PlyCount "91"]
[EventDate "2019.04.16"]
[EventType "team-tourn"]
[EventCountry "GRE"]
[SourceTitle "playchess.com"]
[Source "ChessBase"]
[SourceQuality "1"]
[WhiteTeam "Germany"]
[BlackTeam "Germany"]
[WhiteTeamCountry "GER"]
[BlackTeamCountry "GER"]
[TimeControl "40/5400+30:1800+30"]

1. e4 {[%emt 0:00:00]} c5 {[%emt 0:00:00]} 2. Nf3 {[%emt 0:00:00]} Nc6 {[%emt 0:00:15]} 3. d4 {[%emt 0:00:00]} cxd4 {[%emt 0:00:04]} 4. Nxd4 {[%emt 0:00:01]} Nf6 {[%emt 0:00:07]} 5. Nc3 {[%emt 0:00:45]} d6 {[%emt 0:00:20]} 6. Be2 {[%emt 0:01:11]} g6 {[%emt 0:00:13]} 7. Be3 {[%emt 0:01:13]} Bg7 {[%emt 0:00:05]} 8. h3 {[%emt 0:01:16]} Bd7 {[%emt 0:02:55]} 9. O-O {[%emt 0:02:19]} O-O {[%emt 0:00:05]} 10. Kh1 {[%emt 0:01:50]} a6 {[%emt 0:00:57]} 11. f4 {[%emt 0:04:49]} Rc8 {[%emt 0:06:44]} 12. Bf3 {[%emt 0:04:14]} b5 {[%emt 0:02:10]} 13. Nxc6 {[%emt 0:05:54]} Bxc6 {[%emt 0:00:20]} 14. Bd4 {[%emt 0:01:15]} b4 {[%emt 0:06:36]} 15. Nd5 {[%emt 0:03:38]} Nxd5 {[%emt 0:07:20]} 16. exd5 {[%emt 0:01:21]} Bxd4 {[%emt 0:03:51]} 17. Qxd4 {[%emt 0:03:37]} Bb5 {[%emt 0:00:18]} 18. Rfc1 {[%emt 0:03:20]} Rc4 {[%emt 0:02:36]} 19. Qe3 {[%emt 0:03:52]} Qc7 {[%emt 0:01:20]} 20. Be4 {[%emt 0:04:31]} Rc8 {[%emt 0:05:21]} 21. a3 {[%emt 0:06:26]} Qc5 {[%emt 0:05:06]} 22. Qxc5 {[%emt 0:18:48]} R8xc5 {[%emt 0:01:07]} 23. Re1 {[%emt 0:01:45]} Rd4 {[%emt 0:08:18]} 24. axb4 {[%emt 0:03:31]} Rxb4 {[%emt 0:00:32]} 25. b3 {[%emt 0:05:54]} Rc3 {[%emt 0:03:15]} 26. f5 {[%emt 0:02:13]} Kf8 {[%emt 0:02:07]} 27. Kg1 {[%emt 0:03:57]} Rd4 {[%emt 0:01:18]} 28. Rad1 {[%emt 0:00:31]} Rb4 {[%emt 0:04:29]} 29. Rd2 {[%emt 0:00:49]} Bd7 {[%emt 0:01:06]} 30. fxg6 {[%emt 0:01:39]} hxg6 {[%emt 0:00:06]} 31. Rf2 {[%emt 0:00:43]} Kg7 {[%emt 0:06:39]} 32. Bd3 {[%emt 0:00:11]} e5 {[%emt 0:00:57]} 33. dxe6 {[%emt 0:00:40]} Bxe6 {[%emt 0:00:23]} 34. Bxa6 {[%emt 0:00:30]} Bf5 {[%emt 0:03:31]} 35. Ree2 {[%emt 0:03:06]} d5 {[%emt 0:00:48]} 36. Rd2 {[%emt 0:00:57]} Rb6 {[%emt 0:03:15]} 37. Bf1 {[%emt 0:00:20]} Be4 {[%emt 0:01:05]} 38. g4 {[%emt 0:02:38]} Rbc6 {[%emt 0:00:20]} 39. Bg2 {[%emt 0:00:19]} Rxc2 {[%emt 0:01:17]} 40. Rxc2 {[%emt 0:00:00]} Rxc2 {[%emt 0:00:00]} 41. Rxc2 {[%emt 0:02:27]} Bxc2 {[%emt 0:01:46]} 42. Bxd5 {[%emt 0:00:10]} g5 {[%emt 0:02:19]} 43. b4 {[%emt 0:02:31]} Ba4 {[%emt 0:02:17]} 44. Bc4 {[%emt 0:00:36]} Bc6 {[%emt 0:01:11]} 45. Ba6 {[%emt 0:00:26]} f5 {[%emt 0:06:23]} 46. b5 {[%emt 0:01:30]} 1-0

[Event "World Senior chT-50 2019"]
[Site "Rhodes"]
[Date "2019.04.17"]
[Round "2.33"]
[White "Delaney, John"]
[Black "Mitrandzas, Athanasios"]
[Result "0-1"]
[WhiteElo "2156"]
[BlackElo "2055"]
[Annotator "TA"]
[PlyCount "66"]
[EventDate "2019.04.16"]
[EventType "team-tourn"]
[EventCountry "GRE"]
[SourceTitle "playchess.com"]
[Source "ChessBase"]
[SourceQuality "1"]
[WhiteTeam "Ireland"]
[BlackTeam "Greece"]
[WhiteTeamCountry "IRL"]
[BlackTeamCountry "GRE"]

{[%evp 15,66,22,54,52,52,52,52,38,36,37,36,-4,28,-30,0,0,52,45,44,0,7,-260,-254,-392,-403,-446,-384,-397,-396,-391,-394,-435,-435,-436,-434,-411,-359,-377,-365,-365,-306,-306,-288,-438,-438,-525,-541,-524,-526,-686,-687,-676,-660]} 1. e4 c5 2. Nf3 e6 3. Nc3 Nc6 4. d4 cxd4 5. Nxd4 Nf6 6. Ndb5 Bb4 7. a3 Bxc3+ 8. Nxc3 O-O 9. Qd6 {B45: Sicilian Four Knights} (9. Bd3 d5 10. exd5 exd5 11. O-O h6 12. b3 Re8 13. Bb2 a6 14. Qd2 Qd6 15. Rfe1 Bd7 16. Ne2 Ne5 17. Ng3 Nxd3 18. Qxd3 Ng4 19. Qd4 Qg6 {½-½ (53) Jackson,J (2304)-McKay,R (2312) England 2018}) 9... Ne8 10. Qg3 d5 11. exd5 {White is slightly better.} exd5 12. Bg5 f6 13. Bd2 $146 ({Predecessor:} 13. Be3 d4 14. O-O-O Qb6 15. Nd5 Qc5 {0-1 (15) Brineva,E (2164)-Sorokin,O (2150) Poltavskaya 2005}) 13... Qe7+ 14. Ne2 (14. Be2 $142) 14... Nd6 15. O-O-O Ne4 ({Better is} 15... Rd8 $11) 16. Qe3 $14 Re8 17. Be1 (17. f3 $5 {[%cal Rf3e4]} Nxd2 18. Qxd2 $11) 17... Qf7 $36 {[%mdl 2048] Black has good play.} 18. Ng3 $2 {[%mdl 8192]} (18. Qd3 $11) 18... Bg4 $19 19. Ne2 {[#]} (19. Qd3 $142 Nc5 20. Qd2) 19... d4 $1 {[%cal Rd4e3][%mdl 512]} 20. Qd3 {intending f3.} (20. Nxd4 Bxd1) 20... Qa2 {[%cal Ra2a1]} 21. Qb3+ Qxb3 22. cxb3 {next f3 is good for White.} Nc5 $1 {[%csl LRb3,LRe2]} 23. f3 Bf5 {[%cal Rc5b3]} 24. Nxd4 Nxd4 {[%cal Rd4b3]} 25. Bc4+ Nde6 26. Rd5 Rac8 {...Nxb3+ is the strong threat.} 27. Bc3 Bg6 28. Re1 Bf7 29. f4 (29. Kc2 {was called for.}) 29... b6 {Black is clearly winning.} 30. b4 Nxf4 {[%mdl 64] [#] Double Attack, Pin} 31. Rxe8+ Rxe8 32. Rd4 Ne2+ {[%mdl 64] Overworked Piece} 33. Bxe2 Nb3+ {[%mdl 64] Double Attack. Accuracy: White = 39%, Black = 79%.} ({Less strong is} 33... Rxe2 34. Rd8+ Re8 35. Rxe8+ Bxe8 36. bxc5 $15) 0-1

[Event "World Senior chT-50 2019"]
[Site "Rhodes"]
[Date "2019.04.17"]
[Round "2.34"]
[White "Ilandzis, Spyridon"]
[Black "Wallace, Paul"]
[Result "1/2-1/2"]
[WhiteElo "2021"]
[BlackElo "2152"]
[Annotator "NA RC"]
[PlyCount "109"]
[EventDate "2019.04.16"]
[EventType "team-tourn"]
[EventCountry "GRE"]
[SourceTitle "playchess.com"]
[Source "ChessBase"]
[SourceQuality "1"]
[WhiteTeam "Greece"]
[BlackTeam "Irland"]
[WhiteTeamCountry "GRE"]
[BlackTeamCountry "AUS"]
[TimeControl "40/5400+30:1800+30"]

1. e4 {[%emt 0:00:00]} e5 {[%emt 0:00:00]} 2. Nf3 {[%emt 0:00:13]} Nc6 {[%emt 0:00:00]} 3. Bb5 {[%emt 0:00:40]} g6 {[%emt 0:01:38]} 4. d4 {[%emt 0:02:55]} exd4 {[%emt 0:00:22]} 5. Bg5 {[%emt 0:00:30]} Be7 {[%emt 0:00:25]} 6. Bxe7 {[%emt 0:03:19]} Qxe7 {[%emt 0:00:13]} 7. O-O {[%emt 0:00:20]} Qc5 {[%emt 0:11:23]} 8. Bxc6 {[%emt 0:01:36]} dxc6 {[%emt 0:00:18]} 9. Qxd4 {[%emt 0:02:06]} Qxd4 {[%emt 0:00:08]} 10. Nxd4 {[%emt 0:00:12]} Nf6 {[%emt 0:02:34]} 11. c4 {[%emt 0:02:36]} Bd7 {[%emt 0:05:41]} 12. Nc3 {[%emt 0:00:38]} c5 {[%emt 0:04:51]} 13. Ndb5 {[%emt 0:07:22]} Bxb5 {[%emt 0:00:39]} 14. cxb5 {[%emt 0:05:13]} O-O-O {[%emt 0:02:32]} 15. Rad1 {[%emt 0:00:59]} Rd4 {[%emt 0:01:53]} 16. f3 {[%emt 0:06:20]} Rhd8 {[%emt 0:02:52]} 17. Rfe1 {[%emt 0:02:33]} Rxd1 {[%emt 0:29:36]} 18. Rxd1 {[%emt 0:00:32]} Rxd1+ {[%emt 0:00:32]} 19. Nxd1 {[%emt 0:00:14]} Kd7 {[%emt 0:00:03]} 20. Kf2 {[%emt 0:01:23]} c6 {[%emt 0:00:11]} 21. bxc6+ {[%emt 0:01:47]} Kxc6 {[%emt 0:00:06]} 22. Ke3 {[%emt 0:01:54]} b5 {[%emt 0:00:58]} 23. Nf2 {[%emt 0:07:06]} a5 {[%emt 0:02:47]} 24. g4 {[%emt 0:07:50]} h6 {[%emt 0:08:29]} 25. h4 {[%emt 0:05:02]} a4 {[%emt 0:00:53]} 26. g5 {[%emt 0:10:28]} hxg5 {[%emt 0:00:05]} 27. hxg5 {[%emt 0:00:11]} Nd7 {[%emt 0:00:51]} 28. Ng4 {[%emt 0:02:00]} Kd6 {[%emt 0:05:18]} 29. f4 {[%emt 0:03:34]} Ke6 {[%emt 0:01:40]} 30. Kd3 {[%emt 0:07:00]} Kd6 {[%emt 0:07:14]} 31. Ne3 {[%emt 0:05:46]} Nb6 {[%emt 0:04:23]} 32. f5 {[%emt 0:05:15]} Ke5 {[%emt 0:01:13]} 33. Ng4+ {[%emt 0:02:37]} Kd6 {[%emt 0:03:26]} 34. e5+ {[%emt 0:01:41]} Ke7 {[%emt 0:00:26]} 35. Ne3 {[%emt 0:02:00]} gxf5 {[%emt 0:01:13]} 36. Nxf5+ {[%emt 0:00:17]} Ke6 {[%emt 0:00:08]} 37. Nd6 {[%emt 0:00:23]} b4 {[%emt 0:00:39]} 38. Ke4 {[%emt 0:02:06]} c4 {[%emt 0:02:19]} 39. Nb5 {[%emt 0:01:41]} Nd7 {[%emt 0:00:37]} 40. Nd4+ {[%emt 0:00:00]} Ke7 {[%emt 0:00:00]} 41. Nc6+ {[%emt 0:06:59]} Ke6 {[%emt 0:00:09]} 42. Nxb4 {[%emt 0:00:21]} Nxe5 {[%emt 0:00:13]} 43. Nd5 {[%emt 0:00:55]} Nd3 {[%emt 0:11:07]} 44. Nf4+ {[%emt 0:10:47]} Nxf4 {[%emt 0:00:05]} 45. Kxf4 {[%emt 0:00:05]} Kd5 {[%emt 0:00:05]} 46. a3 {[%emt 0:00:26]} c3 {[%emt 0:00:03]} 47. bxc3 {[%emt 0:00:20]} Kc4 {[%emt 0:00:02]} 48. Kf5 {[%emt 0:02:33]} Kxc3 {[%emt 0:00:15]} 49. Kf6 {[%emt 0:00:09]} Kb3 {[%emt 0:00:04]} 50. Kxf7 {[%emt 0:00:06]} Kxa3 {[%emt 0:00:03]} 51. g6 {[%emt 0:00:11]} Kb2 {[%emt 0:00:03]} 52. g7 {[%emt 0:00:06]} a3 {[%emt 0:00:03]} 53. g8=Q {[%emt 0:00:08]} a2 {[%emt 0:00:06]} 54. Qb8+ {[%emt 0:00:40]} Ka1 {[%emt 0:00:08]} 55. Ke6 {[%emt 0:00:11]} 1/2-1/2

[Event "World Senior chT-50 2019"]
[Site "Rhodes"]
[Date "2019.04.17"]
[Round "2.35"]
[White "MacElligott, Gerard"]
[Black "Hrisanthopoulos, Dimitrios"]
[Result "0-1"]
[WhiteElo "2025"]
[BlackElo "1995"]
[Annotator "NA RC"]
[PlyCount "74"]
[EventDate "2019.04.16"]
[EventType "team-tourn"]
[EventCountry "GRE"]
[SourceTitle "playchess.com"]
[Source "ChessBase"]
[SourceQuality "1"]
[WhiteTeam "Ireland"]
[BlackTeam "Greece"]
[WhiteTeamCountry "IRL"]
[BlackTeamCountry "GRE"]
[TimeControl "40/5400+30:1800+30"]

1. Nf3 {[%emt 0:00:00]} Nf6 {[%emt 0:00:00]} 2. g3 {[%emt 0:00:00]} b6 {[%emt 0:00:32]} 3. Bg2 {[%emt 0:00:07]} Bb7 {[%emt 0:00:06]} 4. d4 {[%emt 0:00:14]} e6 {[%emt 0:00:33]} 5. c4 {[%emt 0:00:49]} Bb4+ {[%emt 0:01:26]} 6. Bd2 {[%emt 0:00:31]} a5 {[%emt 0:01:33]} 7. O-O {[%emt 0:00:55]} O-O {[%emt 0:00:25]} 8. Bf4 {[%emt 0:02:05]} Be7 {[%emt 0:02:54]} 9. d5 {[%emt 0:07:26]} exd5 {[%emt 0:07:25]} 10. Nh4 {[%emt 0:01:39]} Nh5 {[%emt 0:03:03]} 11. Nf5 {[%emt 0:01:35]} Nxf4 {[%emt 0:03:24]} 12. gxf4 {[%emt 0:01:09]} Bf6 {[%emt 0:01:24]} 13. Nc3 {[%emt 0:00:26]} Bxc3 {[%emt 0:02:52]} 14. bxc3 {[%emt 0:02:35]} Qf6 {[%emt 0:00:32]} 15. Ne3 {[%emt 0:06:29]} Qxf4 {[%emt 0:03:00]} 16. Nxd5 {[%emt 0:01:41]} Bxd5 {[%emt 0:03:29]} 17. cxd5 {[%emt 0:00:41]} d6 {[%emt 0:00:23]} 18. e3 {[%emt 0:04:38]} Qf6 {[%emt 0:07:11]} 19. Qd2 {[%emt 0:01:08]} Nd7 {[%emt 0:01:57]} 20. f4 {[%emt 0:07:56]} Rae8 {[%emt 0:07:12]} 21. e4 {[%emt 0:03:45]} Nc5 {[%emt 0:06:32]} 22. Rae1 {[%emt 0:00:35]} Qg6 {[%emt 0:01:40]} 23. Qd4 {[%emt 0:09:57]} f6 {[%emt 0:04:03]} 24. Re3 {[%emt 0:04:07]} Re7 {[%emt 0:00:45]} 25. Rg3 {[%emt 0:09:50]} Qe8 {[%emt 0:00:26]} 26. Re1 {[%emt 0:03:47]} Qa4 {[%emt 0:01:44]} 27. e5 {[%emt 0:02:34]} fxe5 {[%emt 0:01:30]} 28. fxe5 {[%emt 0:00:13]} Rxe5 {[%emt 0:00:49]} 29. Rxe5 {[%emt 0:00:32]} dxe5 {[%emt 0:00:13]} 30. Qd2 {[%emt 0:08:23]} Qf4 {[%emt 0:00:54]} 31. Qc2 {[%emt 0:02:55]} e4 {[%emt 0:01:30]} 32. Rh3 {[%emt 0:09:58]} Rf6 {[%emt 0:01:58]} 33. c4 {[%emt 0:01:57]} Qe5 {[%emt 0:02:22]} 34. Qd1 {[%emt 0:01:41]} Qb2 {[%emt 0:01:55]} 35. Rg3 {[%emt 0:02:16]} Qxa2 {[%emt 0:02:05]} 36. Bh3 {[%emt 0:00:53]} Qf2+ {[%emt 0:01:27]} 37. Kh1 {[%emt 0:00:08]} e3 {[%emt 0:02:22]} 0-1

[Event "World Senior chT-50 2019"]
[Site "Rhodes"]
[Date "2019.04.17"]
[Round "2.36"]
[White "Papadimitriou, Loukas"]
[Black "Matthews, Gabriel"]
[Result "1-0"]
[WhiteElo "1943"]
[BlackElo "1782"]
[Annotator "NA RC"]
[PlyCount "75"]
[EventDate "2019.04.16"]
[EventType "team-tourn"]
[EventCountry "GRE"]
[SourceTitle "playchess.com"]
[Source "ChessBase"]
[SourceQuality "1"]
[WhiteTeam "Greece"]
[BlackTeam "Ireland"]
[WhiteTeamCountry "GRE"]
[BlackTeamCountry "IRL"]
[TimeControl "40/5400+30:1800+30"]

1. d4 {[%emt 0:00:00]} Nf6 {[%emt 0:00:00]} 2. Bg5 {[%emt 0:00:00]} d5 {[%emt 0:00:25]} 3. e3 {[%emt 0:00:00]} c5 {[%emt 0:01:49]} 4. Bxf6 {[%emt 0:00:33]} exf6 {[%emt 0:00:38]} 5. c3 {[%emt 0:01:32]} Nc6 {[%emt 0:01:43]} 6. Nd2 {[%emt 0:00:15]} cxd4 {[%emt 0:02:42]} 7. exd4 {[%emt 0:01:04]} Bd6 {[%emt 0:02:35]} 8. Bd3 {[%emt 0:01:26]} Be6 {[%emt 0:01:59]} 9. Ne2 {[%emt 0:01:49]} Qc7 {[%emt 0:03:03]} 10. Ng3 {[%emt 0:00:58]} O-O-O {[%emt 0:07:44]} 11. Qf3 {[%emt 0:05:07]} Kb8 {[%emt 0:02:31]} 12. Ndf1 {[%emt 0:04:36]} Qa5 {[%emt 0:12:24]} 13. Nd2 {[%emt 0:05:30]} Qc7 {[%emt 0:05:14]} 14. O-O {[%emt 0:08:29]} h5 {[%emt 0:02:43]} 15. h3 {[%emt 0:00:04]} g5 {[%emt 0:16:07]} 16. Nxh5 {[%emt 0:07:16]} g4 {[%emt 0:05:41]} 17. hxg4 {[%emt 0:00:21]} Rdg8 {[%emt 0:04:40]} 18. Bf5 {[%emt 0:00:49]} Bxf5 {[%emt 0:09:39]} 19. Qxf5 {[%emt 0:05:43]} Bh2+ {[%emt 0:04:24]} 20. Kh1 {[%emt 0:00:05]} Rg5 {[%emt 0:05:44]} 21. Qxf6 {[%emt 0:11:18]} Rgxh5 {[%emt 0:04:52]} 22. gxh5 {[%emt 0:00:05]} Rxh5 {[%emt 0:00:18]} 23. Qf3 {[%emt 0:00:19]} Rh8 {[%emt 0:01:19]} 24. g3 {[%emt 0:01:19]} Bxg3+ {[%emt 0:00:17]} 25. Kg2 {[%emt 0:01:24]} Bf4 {[%emt 0:00:25]} 26. Rh1 {[%emt 0:09:28]} Rg8+ {[%emt 0:00:14]} 27. Kf1 {[%emt 0:00:04]} Bxd2 {[%emt 0:00:09]} 28. Qxd5 {[%emt 0:00:18]} Re8 {[%emt 0:01:40]} 29. Rh7 {[%emt 0:01:42]} Qe7 {[%emt 0:01:21]} 30. Qf3 {[%emt 0:00:46]} Nd8 {[%emt 0:00:42]} 31. Rd1 {[%emt 0:00:17]} Bg5 {[%emt 0:00:41]} 32. d5 {[%emt 0:01:12]} Ka8 {[%emt 0:00:33]} 33. a4 {[%emt 0:03:38]} Qd7 {[%emt 0:00:45]} 34. Qh3 {[%emt 0:01:11]} Qc7 {[%emt 0:01:02]} 35. Qg4 {[%emt 0:01:13]} Be7 {[%emt 0:00:49]} 36. Rd4 {[%emt 0:02:28]} Bd6 {[%emt 0:00:11]} 37. Rc4 {[%emt 0:00:11]} Qb8 {[%emt 0:00:21]} 38. Rc8 {[%emt 0:00:10]} 1-0

[Event "World Senior chT-50 2019"]
[Site "Rhodes"]
[Date "2019.04.17"]
[Round "2.37"]
[White "Lagerborg, Krister"]
[Black "Olesen, Christer"]
[Result "1-0"]
[WhiteElo "2102"]
[BlackElo "1865"]
[Annotator "TA"]
[PlyCount "121"]
[EventDate "2019.04.16"]
[EventType "team-tourn"]
[EventCountry "GRE"]
[SourceTitle "playchess.com"]
[Source "ChessBase"]
[SourceQuality "1"]
[WhiteTeam "Sweden"]
[BlackTeam "Sweden"]
[WhiteTeamCountry "SWE"]
[BlackTeamCountry "SWE"]

{[%evp 9,121,4,48,13,18,20,66,56,73,0,0,-2,65,65,65,64,61,69,61,58,63,78,70,38,105,58,78,69,71,47,83,63,102,104,151,143,150,155,183,122,142,142,143,139,138,135,138,120,221,208,199,155,178,172,243,232,295,301,303,277,298,272,264,263,302,301,310,302,258,246,498,494,486,453,467,470,522,513,567,556,600,585,726,707,752,736,716,691,956,932,1140,1184,2188,1850,5897,1907,2258,2206,2152,2029,1960,1866,2770,2730,6926,9712,29984,29985,29985,29986,29986,29987,29987,29988]} 1. e4 c6 2. d4 d5 3. e5 c5 4. dxc5 e6 5. Be3 Nh6 6. c3 {B12: Caro-Kann: Advance Variation} (6. Bxh6 $5 gxh6 7. Nf3 $11) 6... Nf5 7. Bd4 Nxd4 8. cxd4 {White is slightly better.} b6 {[#]} 9. Bb5+ (9. b4 $1 $16) 9... Bd7 $11 10. Bxd7+ Qxd7 ({Black should try} 10... Nxd7 $11 11. c6 Nb8) 11. cxb6 $1 $14 Bb4+ $146 ({Predecessor:} 11... axb6 12. Ne2 Bb4+ 13. Nbc3 Nc6 {½-½ (66) Nisipeanu,L (2600)-Kachiani Gersinska,K (2415) Bad Wiessee 1997}) 12. Nd2 axb6 13. a3 Be7 14. Ne2 Nc6 15. O-O O-O 16. Rc1 f6 ({Better is} 16... Na5 $14) 17. f4 (17. exf6 {feels hotter.} Bxf6 18. Nf3 Rae8 19. Qa4 Rc8 20. Rfd1) 17... fxe5 18. fxe5 Rxf1+ 19. Nxf1 Bg5 20. Rc3 Rf8 21. Nd2 Ne7 22. Nf3 Bh6 23. Qb3 Rb8 24. Ng3 ({White should play} 24. Qb4 $18) 24... Qe8 25. Qc2 Rc8 26. Rxc8 Qxc8 27. Qxc8+ Nxc8 $16 {[%mdl 4096] Endgame KBN-KNN} 28. Ne2 Na7 (28... Be3+ $16 29. Kf1 Ne7) 29. Kf2 $18 Kf7 30. Ke1 Ke7 31. Kd1 Kd7 (31... Kf7 {keeps fighting.} 32. g4 Be3) 32. Kc2 Kc6 33. g4 g6 34. g5 Bf8 35. Nf4 Kd7 36. h4 Ke7 37. Nh2 Kf7 38. Ng4 Nc6 39. Kc3 Ne7 $2 {[#]} (39... b5 {is a better defense.} 40. Kd3 Ne7) 40. Nf6 Nf5 41. Nxh7 Be7 42. Ng2 b5 43. Nf6 Bd8 44. Nd7 Ke7 45. Nc5 Ba5+ 46. b4 Bb6 47. Nf4 Nxh4 48. Ncxe6 Ba7 49. Nc5 Nf3 50. Nxd5+ Kf7 51. e6+ Ke8 52. Nc7+ Ke7 53. d5 Nxg5 54. Nxb5 Bb8 55. a4 {[%cal Ba3a4,Ba4a5][%mdl 32]} Nf3 56. a5 g5 57. a6 g4 58. a7 {White mates.} Bxa7 59. Nxa7 g3 60. Nc6+ Kf6 61. Ne4+ {Accuracy: White = 77%, Black = 27%.} 1-0

[Event "World Senior chT-50 2019"]
[Site "Rhodes"]
[Date "2019.04.17"]
[Round "2.38"]
[White "Kvisth, Bengt"]
[Black "Gamback, Bjorn"]
[Result "0-1"]
[WhiteElo "1723"]
[BlackElo "2101"]
[Annotator "NA RC"]
[PlyCount "46"]
[EventDate "2019.04.16"]
[EventType "team-tourn"]
[EventCountry "GRE"]
[SourceTitle "playchess.com"]
[Source "ChessBase"]
[SourceQuality "1"]
[WhiteTeam "Sweden"]
[BlackTeam "Sweden"]
[WhiteTeamCountry "SWE"]
[BlackTeamCountry "SWE"]
[TimeControl "40/5400+30:1800+30"]

1. d4 {[%emt 0:00:00]} Nf6 {[%emt 0:00:48]} 2. c4 {[%emt 0:00:06]} e6 {[%emt 0:00:15]} 3. Nc3 {[%emt 0:00:26]} Bb4 {[%emt 0:00:09]} 4. e3 {[%emt 0:00:47]} Ne4 {[%emt 0:00:08]} 5. Qc2 {[%emt 0:01:27]} f5 {[%emt 0:00:06]} 6. Nf3 {[%emt 0:06:28]} O-O {[%emt 0:00:47]} 7. Be2 {[%emt 0:08:58]} b6 {[%emt 0:02:26]} 8. O-O {[%emt 0:04:22]} Bxc3 {[%emt 0:00:16]} 9. bxc3 {[%emt 0:00:06]} Bb7 {[%emt 0:00:11]} 10. Rb1 {[%emt 0:09:13]} d6 {[%emt 0:03:44]} 11. Rd1 {[%emt 0:05:43]} Qe7 {[%emt 0:08:18]} 12. Ba3 {[%emt 0:07:13]} Nd7 {[%emt 0:15:59]} 13. Bb2 {[%emt 0:11:32]} Ndf6 {[%emt 0:08:39]} 14. Ne1 {[%emt 0:07:32]} Ng4 {[%emt 0:03:46]} 15. Bxg4 {[%emt 0:02:33]} fxg4 {[%emt 0:00:15]} 16. f3 {[%emt 0:02:13]} gxf3 {[%emt 0:00:56]} 17. gxf3 {[%emt 0:09:22]} Qg5+ {[%emt 0:00:41]} 18. Qg2 {[%emt 0:05:17]} Qxe3+ {[%emt 0:01:40]} 19. Kf1 {[%emt 0:00:27]} Rxf3+ {[%emt 0:04:32]} 20. Nxf3 {[%emt 0:02:25]} Rf8 {[%emt 0:00:21]} 21. Qg1 {[%emt 0:03:16]} Rxf3+ {[%emt 0:00:40]} 22. Kg2 {[%emt 0:00:16]} Rf2+ {[%emt 0:00:17]} 23. Kh1 {[%emt 0:00:24]} Ng3# {[%emt 0:00:07]} 0-1

[Event "World Senior chT-50 2019"]
[Site "Rhodes"]
[Date "2019.04.17"]
[Round "2.39"]
[White "Franzen, Thomas"]
[Black "Olsson, Torgny"]
[Result "1/2-1/2"]
[WhiteElo "2015"]
[BlackElo "1714"]
[Annotator "NA RC"]
[PlyCount "36"]
[EventDate "2019.04.16"]
[EventType "team-tourn"]
[EventCountry "GRE"]
[SourceTitle "playchess.com"]
[Source "ChessBase"]
[SourceQuality "1"]
[WhiteTeam "Sweden"]
[BlackTeam "Sweden"]
[WhiteTeamCountry "SWE"]
[BlackTeamCountry "SWE"]
[TimeControl "40/5400+30:1800+30"]

1. d4 {[%emt 0:00:00]} Nf6 {[%emt 0:00:00]} 2. Nc3 {[%emt 0:00:08]} d5 {[%emt 0:00:55]} 3. Bf4 {[%emt 0:00:20]} e6 {[%emt 0:00:39]} 4. Nb5 {[%emt 0:01:49]} Na6 {[%emt 0:02:18]} 5. a3 {[%emt 0:01:03]} c6 {[%emt 0:03:08]} 6. Nc3 {[%emt 0:00:09]} Bd6 {[%emt 0:00:32]} 7. e3 {[%emt 0:01:02]} Qc7 {[%emt 0:08:26]} 8. Bxd6 {[%emt 0:08:41]} Qxd6 {[%emt 0:00:23]} 9. Nf3 {[%emt 0:00:08]} O-O {[%emt 0:00:37]} 10. Bd3 {[%emt 0:04:23]} Nc7 {[%emt 0:12:37]} 11. Ne5 {[%emt 0:04:08]} b6 {[%emt 0:06:10]} 12. O-O {[%emt 0:03:59]} Ba6 {[%emt 0:01:36]} 13. f4 {[%emt 0:09:49]} Bxd3 {[%emt 0:02:26]} 14. Qxd3 {[%emt 0:00:23]} c5 {[%emt 0:01:45]} 15. b3 {[%emt 0:05:02]} a6 {[%emt 0:12:45]} 16. a4 {[%emt 0:04:33]} Nce8 {[%emt 0:05:36]} 17. Rad1 {[%emt 0:04:50]} Qc7 {[%emt 0:03:52]} 18. e4 {[%emt 0:19:30]} cxd4 {[%emt 0:09:32]} 1/2-1/2

[Event "World Senior chT-50 2019"]
[Site "Rhodes"]
[Date "2019.04.17"]
[Round "2.40"]
[White "Andersson, Erik"]
[Black "Johansson, Bjorn"]
[Result "1/2-1/2"]
[WhiteElo "1661"]
[BlackElo "1888"]
[Annotator "NA RC"]
[PlyCount "57"]
[EventDate "2019.04.16"]
[EventType "team-tourn"]
[EventCountry "GRE"]
[SourceTitle "playchess.com"]
[Source "ChessBase"]
[SourceQuality "1"]
[WhiteTeam "Sweden"]
[BlackTeam "Sweden"]
[WhiteTeamCountry "SWE"]
[BlackTeamCountry "SWE"]
[TimeControl "40/5400+30:1800+30"]

1. Nf3 {[%emt 0:00:00]} Nf6 {[%emt 0:00:10]} 2. b3 {[%emt 0:00:00]} g6 {[%emt 0:00:39]} 3. Bb2 {[%emt 0:00:00]} Bg7 {[%emt 0:00:06]} 4. e3 {[%emt 0:00:09]} O-O {[%emt 0:01:09]} 5. Be2 {[%emt 0:00:23]} d6 {[%emt 0:00:15]} 6. d4 {[%emt 0:01:02]} Nbd7 {[%emt 0:04:46]} 7. O-O {[%emt 0:01:08]} b6 {[%emt 0:02:14]} 8. c4 {[%emt 0:05:54]} e5 {[%emt 0:02:32]} 9. dxe5 {[%emt 0:10:17]} Ng4 {[%emt 0:00:28]} 10. Nd4 {[%emt 0:25:17]} Ndxe5 {[%emt 0:02:45]} 11. h3 {[%emt 0:09:08]} Qh4 {[%emt 0:08:06]} 12. hxg4 {[%emt 0:09:00]} c5 {[%emt 0:05:18]} 13. Nd2 {[%emt 0:00:59]} cxd4 {[%emt 0:00:36]} 14. Bxd4 {[%emt 0:02:20]} Bxg4 {[%emt 0:07:42]} 15. Bxg4 {[%emt 0:02:22]} Nxg4 {[%emt 0:02:07]} 16. Nf3 {[%emt 0:00:01]} Qe7 {[%emt 0:00:29]} 17. Bxg7 {[%emt 0:00:37]} Kxg7 {[%emt 0:00:12]} 18. Qd4+ {[%emt 0:00:58]} Ne5 {[%emt 0:00:58]} 19. Rfd1 {[%emt 0:04:31]} Rfd8 {[%emt 0:01:04]} 20. Nxe5 {[%emt 0:00:35]} dxe5 {[%emt 0:03:02]} 21. Qg4 {[%emt 0:00:09]} f5 {[%emt 0:07:29]} 22. Qe2 {[%emt 0:00:29]} e4 {[%emt 0:02:01]} 23. Rxd8 {[%emt 0:01:17]} Rxd8 {[%emt 0:00:09]} 24. Rd1 {[%emt 0:00:29]} Rd6 {[%emt 0:05:38]} 25. g3 {[%emt 0:07:00]} Kh6 {[%emt 0:03:09]} 26. Kg2 {[%emt 0:01:45]} Qd7 {[%emt 0:01:26]} 27. Rxd6 {[%emt 0:00:10]} Qxd6 {[%emt 0:00:03]} 28. Qb2 {[%emt 0:00:10]} Qd1 {[%emt 0:01:37]} 29. Qf6 {[%emt 0:02:51]} 1/2-1/2